header

Reading to learn in the content areas / (Record no. 255753)

MARC details
000 -LEADER
fixed length control field 01300cam a22003374a 4500
001 - CONTROL NUMBER
control field 13940835
003 - CONTROL NUMBER IDENTIFIER
control field OSt
005 - DATE AND TIME OF LATEST TRANSACTION
control field 20170227104240.0
008 - FIXED-LENGTH DATA ELEMENTS--GENERAL INFORMATION
fixed length control field 050425s2006 caua b 001 0 eng
010 ## - LIBRARY OF CONGRESS CONTROL NUMBER
LC control number 2005926411
020 ## - INTERNATIONAL STANDARD BOOK NUMBER
International Standard Book Number 0534553389 (student ed.)
International Standard Book Number 0495002569 (CD)
040 ## - CATALOGING SOURCE
Original cataloging agency DLC
Transcribing agency DLC
Modifying agency DLC
042 ## - AUTHENTICATION CODE
Authentication code pcc
043 ## - GEOGRAPHIC AREA CODE
Geographic area code n-us---
050 00 - LIBRARY OF CONGRESS CALL NUMBER
Classification number LB1050.455
Item number .R53 2006
082 00 - DEWEY DECIMAL CLASSIFICATION NUMBER
Classification number 428/.40712
Edition number 22
100 1# - MAIN ENTRY--PERSONAL NAME
Personal name Richardson, Judy S.,
Dates associated with a name 1945-
245 10 - TITLE STATEMENT
Title Reading to learn in the content areas /
Statement of responsibility, etc Judy S. Richardson, Raymond F. Morgan, Charlene E. Fleener.
250 ## - EDITION STATEMENT
Edition statement 6th ed.
260 ## - PUBLICATION, DISTRIBUTION, ETC. (IMPRINT)
Place of publication, distribution, etc Belmont, CA :
Name of publisher, distributor, etc Thomson/Wadsworth,
Date of publication, distribution, etc c2006.
300 ## - PHYSICAL DESCRIPTION
Extent xxi, 501 p. :
Other physical details ill. ;
Dimensions 24 cm. +
Accompanying material 1 CD-ROM (4 3/4 in.)
504 ## - BIBLIOGRAPHY, ETC. NOTE
Bibliography, etc Includes bibliographical references (p. 453-485) and indexes.
538 ## - SYSTEM DETAILS NOTE
System details note System requirements for accompanying CD-ROM: PC: Windows 98, ME, 2000, XP (not NT); Pentium II 233 MHz; 32 MB RAM (64 MB recommended); Mac: Mac OS 8.6 or later; PowerPC processor or later; 64 MB RAM.
650 #0 - SUBJECT ADDED ENTRY--TOPICAL TERM
Topical term or geographic name as entry element Content area reading
Geographic subdivision United States.
700 1# - ADDED ENTRY--PERSONAL NAME
Personal name Morgan, Raymond F.
Personal name Fleener, Charlene E.
906 ## - LOCAL DATA ELEMENT F, LDF (RLIN)
a 7
b cbc
c orignew
d 2
e epcn
f 20
g y-gencatlg
942 ## - ADDED ENTRY ELEMENTS (KOHA)
Source of classification or shelving scheme Library of Congress Classification
Koha item type Long Loan Books
Holdings
Withdrawn status Lost status Source of classification or shelving scheme Damaged status Not for loan Collection code Home library Current library Shelving location Date acquired Total Checkouts Full call number Barcode Date last seen Price effective from Koha item type
    Library of Congress Classification     Non-fiction Rongo University Library Rongo University Library General Stacks 27/02/2017   LB1050.455 .R53 2006 201616380 27/02/2017 27/02/2017 Long Loan Books

© 2026 Rongo University
Contact us: librarian | system librarian | Rongo university